000
00273nam a2200097Ia 4500
008
190216s9999||||xx |||||||||||||| ||und||
100
_a
Prof.Sharangadaran
245
0
_a
Sambathikabivridiyudeyum Vikasanathindeyum Sidhantham
260
_b
Kerala Basha Inst
942
_c
BK
999
_c
37849
_d
37849